TCP/IP: protocol suite (Record no. 1405)
[ view plain ]
| 000 -LEADER | |
|---|---|
| Fixed length control field | 00523nam a2200181 4500 |
| 003 - CONTROL NUMBER IDENTIFIER | |
| Control field | SEACOMEC |
| 005 - DATE AND TIME OF LATEST TRANSACTION | |
| Control field | 20240712113357.0 |
| 008 - FIXED-LENGTH DATA ELEMENTS--GENERAL INFORMATION | |
| Fixed length control field | 240712b |||||||| |||| 00| 0 eng d |
| 020 ## - INTERNATIONAL STANDARD BOOK NUMBER / ISBN | |
| International Standard Book Number | 978-0-07-337604-2 |
| Price | Rs380.00 |
| 040 ## - CATALOGING SOURCE | |
| Original cataloging agency | SEACOMEC |
| 082 ## - DEWEY DECIMAL CLASSIFICATION NUMBER | |
| Classification number | 004.62 |
| Book Number | F692 |
| 100 ## - MAIN ENTRY--PERSONAL NAME | |
| Personal name | Forouzan, Behrouz A |
| 245 1# - TITLE STATEMENT | |
| Title | TCP/IP: protocol suite |
| Statement of responsibility | Behrouz A Forouzan and Sophia Chung Fegan |
| 250 ## - EDITION STATEMENT | |
| Edition statement | 2nd ed. |
| 260 ## - IMPRINT | |
| Place of publication | New Delhi |
| Name of publisher | Tata McGraw Hill |
| Date of publication | 2006 |
| 650 ## - SUBJECT ADDED ENTRY--TOPICAL TERM | |
| Topical term | TCP/IP (Computer network protocol) |
| 942 ## - ADDED ENTRY ELEMENTS (KOHA) | |
| Koha item type | Books |
| Withdrawn status | Lost status | Source of classification | Damaged status | Not for loan | Home library | Current library | Date acquired | Total Checkouts | Call number | Accession number | Date last seen | Price effective from | Koha item type | Copy number |
|---|---|---|---|---|---|---|---|---|---|---|---|---|---|---|
| Dewey Decimal Classification | SEACOM ENGINEERING COLLEGE | SEACOM ENGINEERING COLLEGE | 31/03/2008 | 004.62 F692 | 10388 | 12/07/2024 | 12/07/2024 | Books | ||||||
| Dewey Decimal Classification | SEACOM ENGINEERING COLLEGE | SEACOM ENGINEERING COLLEGE | 31/03/2008 | 004.62 F692 | 10389 | 12/07/2024 | 12/07/2024 | Books | 1 | |||||
| Dewey Decimal Classification | SEACOM ENGINEERING COLLEGE | SEACOM ENGINEERING COLLEGE | 31/03/2008 | 004.62 F692 | 10390 | 12/07/2024 | 12/07/2024 | Books | 2 | |||||
| Dewey Decimal Classification | SEACOM ENGINEERING COLLEGE | SEACOM ENGINEERING COLLEGE | 31/03/2008 | 004.62 F692 | 10391 | 12/07/2024 | 12/07/2024 | Books | 3 | |||||
| Dewey Decimal Classification | SEACOM ENGINEERING COLLEGE | SEACOM ENGINEERING COLLEGE | 31/03/2008 | 004.62 F692 | 10392 | 12/07/2024 | 12/07/2024 | Books | 4 | |||||
| Dewey Decimal Classification | SEACOM ENGINEERING COLLEGE | SEACOM ENGINEERING COLLEGE | 31/03/2008 | 004.62 F692 | 10393 | 12/07/2024 | 12/07/2024 | Books | 5 | |||||
| Dewey Decimal Classification | SEACOM ENGINEERING COLLEGE | SEACOM ENGINEERING COLLEGE | 31/03/2008 | 004.62 F692 | 10394 | 12/07/2024 | 12/07/2024 | Books | 6 | |||||
| Dewey Decimal Classification | SEACOM ENGINEERING COLLEGE | SEACOM ENGINEERING COLLEGE | 31/03/2008 | 004.62 F692 | 10395 | 12/07/2024 | 12/07/2024 | Books | 7 | |||||
| Dewey Decimal Classification | SEACOM ENGINEERING COLLEGE | SEACOM ENGINEERING COLLEGE | 31/03/2008 | 004.62 F692 | 10396 | 12/07/2024 | 12/07/2024 | Books | 8 | |||||
| Dewey Decimal Classification | SEACOM ENGINEERING COLLEGE | SEACOM ENGINEERING COLLEGE | 31/03/2008 | 004.62 F692 | 10397 | 12/07/2024 | 12/07/2024 | Books | 9 |
